000 00859cam a22002653a 4500
001 5115
003 PGUSA
005 20140828083113.0
008 040201s2004||||xxu|||||s|||||000 | eng d
040 _aPGUSA
_beng
042 _adc
050 4 _aPQ
100 1 _aFlaubert, Gustave,
_d1821-1880
245 1 4 _aThe George Sand-Gustave Flaubert Letters
_h[electronic resource] /
_cGustave Flaubert
260 _bProject Gutenberg,
_c2004
506 _aPublic domain in the USA.
516 _aElectronic text
653 _aFlaubert, Gustave, 1821-1880 -- Correspondence
653 _aSand, George, 1804-1876 -- Correspondence
653 _aNovelists, French -- 19th century -- Correspondence
700 1 _aMcKenzie, Aimée L.
_q(Aimée Leffingwell)
830 0 _aProject Gutenberg
_v5115
856 4 0 _uhttp://www.gutenberg.org/ebooks/5115
942 _cEB
999 _c234444
_d234444